Nature/Pollution Definitions - Statistics

General Stats
  • This quiz has been taken 12 times
  • The average score is 5 of 20
Answer Stats
Hint Answer % Correct
Resource type that does not run out renewable resource
82%
Resource type that does run out nonrenewable resource
73%
Pollution type that can change the behavior of nocturnal animals light pollution
55%
Pollution type that can change mating behavior, predation, and animal stress through sounds noise pollution
55%
The ability of an environment to meet the needs of the current generation without compromising resources for future generations sustainability
36%
Something man-made that has a negative effect on the ecosystem pollution
27%
Purposes that the ecosystem and natural world serve ecosystem services
18%
A species that has a huge range of effects on an ecosystem keystone species
18%
Service that is necessary for other services to function supporting
18%
The accumulation of a contaminant in an organism bioaccumulation
9%
The concentration of a contaminant increases as organisms move up the food chain biomagnification
9%
Service that pleases or makes people happy cultural
9%
Environmental resources used to generate income natural capital
9%
A source of pollution which can come from multiple sources and cannot be clearly located non-point source
9%
A single source of pollution which can be clearly located point source
9%
Resource type that can be used sustainably or unsustainably replenishable resource
9%
Pollution type that can increase the metabolic rate of cold blooded animals through water heating thermal pollution
9%
Annual yield of goods and services from the environment natural income
0%
Service that provides commodities or goods that can be bought or sold provisioning
0%
Service behind the scenes that benefit other processes regulating
0%
No matching quizzes found
Score Distribution
Percent of People with Each Score
Percentile by Number Answered
Your Score History
You have not taken this quiz